000 00407cam a22001575a 4500
001 J100764
008 000000s1912 xxk 000 0 eng u
035 _a(Sirsi) u100764
110 _aSurveyors' Institution
_93783
245 _aRules of examination. Edition of December 1910-1913.
260 _c1912
300 _a20p.
651 4 _aUnited Kingdom
_y
690 _aBusiness and management
942 _n0
999 _c99813
_d99813